Una crítica de la económia sovietica / (Record no. 124103)
[ view plain ]
| 000 -CABECERA | |
|---|---|
| campo de control de longitud fija | 00618nam a2200193 a 4500 |
| 005 - FECHA Y HORA DE LA ÚLTIMA TRANSACCIÓN | |
| campo de control | 20210223130254.0 |
| 008 - ELEMENTOS DE LONGITUD FIJA--INFORMACIÓN GENERAL | |
| campo de control de longitud fija | 070918s1982 mx r 000 0 spa d |
| 020 ## - NÚMERO INTERNACIONAL NORMALIZADO PARA LIBROS | |
| Número Internacional Estándar del Libro | 9681610245 |
| 035 ## - NÚMERO DE CONTROL DEL SISTEMA | |
| Número de control de sistema | UPN01000151968 |
| 049 ## - COLECCIÓN | |
| Colección | CG |
| 050 #4 - SIGNATURA TOPOGRÁFICA DE LA BIBLIOTECA DEL CONGRESO | |
| Número de clasificación | HC334.5 |
| Número de documento/Ítem | M3.8 |
| 100 1# - ASIENTO PRINCIPAL--NOMBRE PERSONAL | |
| Nombre de persona | Mao Tsetung, |
| Fechas asociadas al nombre | 1893-1977 |
| 245 10 - MENCIÓN DE TÍTULO | |
| Título | Una crítica de la económia sovietica / |
| Mención de responsabilidad, etc. | Mao Tsetung ; introd. James Peck ; tr. Eduardo L. Suárez. |
| 260 ## - PUBLICACIÓN, DISTRIBUCIÓN, ETC. | |
| Lugar de publicación, distribución, etc. | México : |
| Nombre del editor, distribuidor, etc. | FCE, |
| Fecha de publicación, distribución, etc. | c1982. |
| 300 ## - DESCRIPCIÓN FÍSICA | |
| Extensión | 143 p. |
| 534 ## - NOTA SOBRE LA VERSIÓN ORIGINAL | |
| Frase introductoria | Título original: |
| Mención de título del original | A critique of soviet economics |
| 651 #4 - ASIENTO SECUNDARIO DE MATERIA - NOMBRE GEOGRAFICO | |
| Nombre geográfico | UNION SOVIETICA - |
| Subdivisión general | CONDICIONES ECONOMICAS |
| 9 (RLIN) | 8145 |
| 905 ## - TIPO DE MATERIAL | |
| Tipo de material | Libro |
| Estado de retiro | Estado de pérdida | Fuente del sistema de clasificación o colocación | Estado dañado | No para préstamo | Código de colección | Localización permanente | Ubicación/localización actual | Ubicación en estantería | Total de préstamos | Clasificación | Código de barras | Fecha visto por última vez | Número de copia | Tipo de ítem Koha |
|---|---|---|---|---|---|---|---|---|---|---|---|---|---|---|
| Library of Congress Classification | Colección General | Bib. Gregorio Torres Quintero | Bib. Gregorio Torres Quintero | Planta baja | 1 | HC334.5 M3.8 | 252883 | 31/12/2020 | 1 | Libro |
